football team that won ULC - Statistics

General Stats
  • This quiz has been taken 2,533 times
    2,067 since last reset
  • The average score is 59 of 69
Answer Stats
Hint Champions % Correct
2024 Real Madrid
99%
2022 Real Madrid
99%
2018 Real Madrid
99%
2017 Real Madrid
99%
2016 Real Madrid
99%
2014 Real Madrid
99%
2002 Real Madrid
99%
2000 Real Madrid
99%
1998 Real Madrid
99%
1966 Real Madrid
99%
1960 Real Madrid
99%
1959 Real Madrid
99%
1958 Real Madrid
99%
1957 Real Madrid
99%
1956 Real Madrid
99%
2010 Inter
98%
1965 Inter
98%
1964 Inter
98%
2007 Milan
98%
2003 Milan
98%
1994 Milan
98%
1990 Milan
98%
1989 Milan
98%
1969 Milan
98%
1963 Milan
98%
2015 Barcellona
97%
2011 Barcellona
97%
2009 Barcellona
97%
2006 Barcellona
97%
1992 Barcellona
97%
2023 Manchester City
97%
1996 Juventus
96%
1984 Juventus
96%
2019 Liverpool
96%
2005 Liverpool
96%
1985 Liverpool
96%
1981 Liverpool
96%
1978 Liverpool
96%
1977 Liverpool
96%
2021 Chelsea
95%
2012 Chelsea
95%
2008 Manchester United
94%
1999 Manchester United
94%
1968 Manchester United
94%
1997 Borussia Dortmund
81%
1995 Ajax
80%
1973 Ajax
80%
1972 Ajax
80%
1971 Ajax
80%
2004 Porto
80%
1987 Porto
80%
2020 Bayern München
74%
2013 Bayern München
74%
2001 Bayern München
74%
1976 Bayern München
74%
1975 Bayern München
74%
1974 Bayern München
74%
1980 Nottingham Forest
70%
1979 Nottingham Forest
70%
1962 Benfica
68%
1961 Benfica
68%
1993 Olympique Marsiglia
60%
1967 Celtic
53%
1988 PSV
47%
1982 Aston Villa
46%
1983 Amburgo
42%
1970 Feyenoord
38%
1991 Red Star Belgrade
11%
1986 Steaua Bucharest
9%
No matching quizzes found
Score Distribution
Percent of People with Each Score
Percentile by Number Answered
Your Score History
You have not taken this quiz since the last reset